Tài chính doanh nghiệp căn bản
में बचाया:
| अन्य लेखक: | , , , , |
|---|---|
| स्वरूप: | पुस्तक |
| प्रकाशित: |
Hà Nội
Lao động
2012
|
| विषय: | |
| टैग : |
टैग जोड़ें
कोई टैग नहीं, इस रिकॉर्ड को टैग करने वाले पहले व्यक्ति बनें!
|
| Thư viện lưu trữ: | Trung tâm Học liệu Lê Vũ Hùng, Trường Đại học Đồng Tháp |
|---|
| LEADER | 01021pam a22003498a 4500 | ||
|---|---|---|---|
| 001 | 00035444 | ||
| 008 | 161206s2012 ||||||Viesd | ||
| 005 | 20171026081025.0 | ||
| 020 | # | # | |c 50000 |
| 041 | 0 | # | |a Vie |
| 082 | 1 | 4 | |a 658.15 |b T103CH |
| 245 | 0 | 0 | |a Tài chính doanh nghiệp căn bản |c Đỗ Quang Trị; Nguyễn Quốc Khánh; Trần Anh Dũng...[ Và những Người khác] |
| 260 | # | # | |a Hà Nội |b Lao động |c 2012 |
| 300 | # | # | |a 218tr. |c 24cm. |
| 653 | # | # | |a Chính sách |
| 653 | # | # | |a Tài chính |
| 653 | # | # | |a kinh doanh |
| 700 | 1 | # | |a Nguyễn Quốc Khánh |
| 700 | 1 | # | |a Nguyễn Thanh Nhã |
| 700 | 1 | # | |a Trần Anh Dũng |
| 700 | 1 | # | |a Võ Thị Thùy Vân |
| 700 | 1 | # | |a Đỗ Quang Trị |
| 852 | # | # | |b Kho đọc |j KD.0019032 |
| 852 | # | # | |j KD.0019032 |
| 910 | |d 06/12/2016 | ||
| 980 | # | # | |a Trung tâm Học liệu Lê Vũ Hùng, Trường Đại học Đồng Tháp |